| 000 | 00843cam a22003017a 4500 | ||
|---|---|---|---|
| 003 | CHAP | ||
| 005 | 20220817043750.0 | ||
| 008 | 010320d1999 fr r 00110 eng d | ||
| 010 | _a83775 | ||
| 011 | _a84747 | ||
| 020 | _a9251043787 | ||
| 035 | _a95273 | ||
| 040 | _cCHAP | ||
| 082 | 0 | 4 |
_a025.33 _bF36 1999 |
| 110 | _aFAO | ||
| 245 | 1 | 0 |
_aAgrovoc : _bmultilingual agricultural thesaurus _c/by FAO |
| 250 | _a4 ed. | ||
| 260 |
_aRome : _bFAO, _c1999. |
||
| 300 |
_a650 p. : _bbibliogra. |
||
| 590 |
_aBATCH-UPD _b10 _c20130110 _lUCH01 _h1803 |
||
| 590 |
_aCONVERSION _b10 _c20130109 _lUCH01 _h1347 |
||
| 650 | 1 | 4 |
_aEncabezamientos de materia _xAgricultura. _936719 |
| 650 | 1 | 4 |
_aTesauros. _9112457 |
| 901 | _aBK | ||
| 905 | _aLilia Sánchez G. | ||
| 942 | _cLIBRO | ||
| 949 |
_a025.33 F36 1999 _bBC _cC _d33724000820601 _eC _h99926 _i95273 _sb |
||
| 999 |
_c83775 _d83775 |
||